Gaming Quiz

Random Gaming Quiz

#nappynation Quiz Stats

 Plays Quiz not verified by Sporcle

Support Sporcle.
Go Orange.
Score 0/15 Timer 10:00
0 Plays Today
Hint Answer % Correct
What is Nappy's favorite color?Purple
92.9%
What is Nappy's favorite PokemonGengar
92.9%
Main in PokkenGengar
92.9%
Whis is TheKingnappy's second channel called?NappyTHEGREAT
90.5%
What's good youtube __________ herenappyboy92
88.1%
What is the name of Nappy's dog?Sadie
85.7%
What he does every Wednesday at 8PM ESTWondertrade
71.4%
What is the name of Nappy's UCL team?TucsonTerrakions
66.7%
Hint Answer % Correct
In what 2015 nuzlocke did Bluenote, Alex Louis, 40 Below, Dudley, Sleepy, Zanzibar, and Chesire all star inGlazed
59.5%
What type of gaming does Nappy stream on twitch every Saturday night?Primetime
59.5%
Nappy's MK8 mainShy Guy
57.1%
His chair?DXRacer
42.9%
Anthem for his channelStress Free
33.3%
What is Nappy's longest running LP?Skyrim
26.2%
Old channel name?mrnappyboy92
11.9%

You're not logged in!

Compare scores with friends on all Sporcle quizzes.
OR
Log In

From the Vault

24 Brown Movie Posters

by Sheldon

Brown may not be a super popular color, but it does the job.
Remove Ads.
Support Sporcle.
Get the best of Sporcle when you Go Orange. This ad-free experience offers more features, more stats, and more fun while also helping to support Sporcle. Thank you for becoming a member.

Show Comments

Extras

Created Apr 17, 2016ReportNominate
Tags:Regarding

Top Quizzes Today


Score Distribution

Your Account Isn't Verified!

In order to create a playlist on Sporcle, you need to verify the email address you used during registration. Go to your Sporcle Settings to finish the process.

Report this User

Report this user for behavior that violates our Community Guidelines.

Details: